Principais Antagonistas nos Jogos (Versão Indie) - Statistics

Estatísticas Gerais
  • Esse quiz foi jogado 7 vezes
  • A pontuação média é 3 de 10
Estatísticas das Respostas
Jogo Personagem % Correto
Bendy and The Ink Machine Ink Demon
67%
Omori Omori
50%
Slender: The Eight Pages Slenderman
50%
Cuphead The Devil
50%
Ao Oni Ao Oni
33%
Pizza Tower Pizza Face/Pizza Head
17%
Hollow Knight The Radiance
17%
Amnesia: The Dark Descent Alexander
0%
Fran Bow Remor
0%
Spooky's Jump Scare Mansion Spooky
0%
Nenhum quiz correspondente encontrado
Distribuição das Pontuações
Porcentagem de Pessoas com Cada Pontuação
Percentil de Números Respondidos
Sua Pontuação Histórica
Você não jogou esse quiz